|
|
|
|
| LEADER |
01974nam a2200421 a 4500 |
| 001 |
EBC868316 |
| 003 |
MiAaPQ |
| 005 |
20200520144314.0 |
| 006 |
m o d | |
| 007 |
cr cn||||||||| |
| 008 |
111121s2012 dcuad sb 100 0 eng d |
| 010 |
|
|
|z 2011048300
|
| 020 |
|
|
|z 9780821389836
|
| 020 |
|
|
|a 9780821389560 (electronic bk.)
|
| 035 |
|
|
|a (MiAaPQ)EBC868316
|
| 035 |
|
|
|a (Au-PeEL)EBL868316
|
| 035 |
|
|
|a (CaPaEBR)ebr10530603
|
| 035 |
|
|
|a (CaONFJC)MIL349185
|
| 035 |
|
|
|a (OCoLC)776984894
|
| 040 |
|
|
|a MiAaPQ
|c MiAaPQ
|d MiAaPQ
|
| 050 |
|
4 |
|a K1385.A6
|b O93 2012
|
| 082 |
0 |
4 |
|a 346.07/8
|2 23
|
| 100 |
1 |
|
|a Garrido, Jose Maria,
|d 1965-
|
| 245 |
1 |
0 |
|a Out-of-court debt restructuring
|h [electronic resource] /
|c Jose M. Garrido.
|
| 260 |
|
|
|a Washington, D.C. :
|b World Bank,
|c 2012.
|
| 300 |
|
|
|a x, 60 p. :
|b ill.
|
| 490 |
1 |
|
|a World Bank studies
|
| 500 |
|
|
|a "This study is based on the World Bank's Insolvency and Creditor/Debtor Regimes Initiative over the last decade. The current version of the study was prepared and updated by Dr. Jose Maria Garrido ... This study was presented at a roundtable within the World Bank ICR Task Force meeting in Washington DC, in January 2011"--Preface.
|
| 504 |
|
|
|a Includes bibliographical references.
|
| 505 |
0 |
|
|a Background to out-of-court debt restructuring -- Enabling legislative framework -- Informal workout procedures -- Conclusion : a policy agenda for out-of-court debt restructurings.
|
| 533 |
|
|
|a Electronic reproduction. Ann Arbor, MI : ProQuest, 2015. Available via World Wide Web. Access may be limited to ProQuest affiliated libraries.
|
| 650 |
|
0 |
|a Loan workouts
|v Congresses.
|
| 650 |
|
0 |
|a Bankruptcy
|v Congresses.
|
| 655 |
|
4 |
|a Electronic books.
|
| 710 |
2 |
|
|a ProQuest (Firm)
|
| 711 |
2 |
|
|a World Bank ICR Task Force Meeting
|d (2011 :
|c Washington, D.C.)
|
| 830 |
|
0 |
|a World Bank studies.
|
| 856 |
4 |
0 |
|u https://ebookcentral.proquest.com/lib/matrademy/detail.action?docID=868316
|z Click to View
|